| LEADER | 00586cam a2200217 7i4500 | ||
|---|---|---|---|
| 001 | 0000057318 | ||
| 005 | 20151104090000.0 | ||
| 005 | ##20151104175400.0 | ||
| 002 | ##000005387 | ||
| 003 | ##MY-KlINT | ||
| 008 | 151104 00010 eng | ||
| 039 | # | 9 | |y 201511041754 |z VLOAD |
| 090 | 0 | 0 | |a 005.2068 INT |
| 245 | 0 | 0 | |a Internet for everyone. |
| 260 | # | # | |a Kuala Lumpur: |b GTrinet, |c 19--. |
| 300 | # | # | |a 100 p; |c 21cm. |
| 650 | # | 0 | |a Internet |
| 996 | |a ikwas2000.out | ||
| 997 | |a 3000070692 |b IKWS |c MNF |d BOK | ||
| 998 | |a 0000004253 | ||
| 999 | |a 3000070692 |b BOOK |c Main Non-Fiction |e INTAN Kampus Wilayah Selatan | ||